000 00675nam a2200169 4500
001 144762
003 ES-MaACL
005 20230906201107.0
007 t|
008 070214s1906 xxk r ||||1| eng d
100 1 _aSkrine, Francis Henry.
_9106758
245 1 0 _aFontenoy and Great Britain's share in the war of the Austrian succession, 1741-1748 /
_cby Francis Henry Skrine ; with an introduction by Field-Marshal Earl Roberts of Kandahar and Waterford.
260 _aEdinburgh ;
_aLondon :
_bWilliam Blackwood and sons,
_c1906.
300 _aXVI, 394 p. :
_bil., map., facs. ;
_c23 x 14 cm.
700 1 _aRoberts, Frederick Sleigh.
_997829
852 _aES-MaACL
_jG-11346
999 _c144762
_d144762